00423pab a2200145 454500008004000000245002800040260000900068300001200077362001200089650001000101773003400111909001000145999001700155952010500172180718b1991 xxu||||| |||| 00| 0 eng d aReview of women studies c1991 aWS50-99 a26 Oct. aWomen aEconomic and Political Weekly a21204 c21204d21204 00104070aIIPAbIIPAd2018-07-19hVolume no: 26, Issue no: 43pAR21273r2018-07-19w2018-07-19yAR